Tradičné verzus netradičné ukazovatele likvidity

Definovanie likvidity podniku. Tradičné ukazovatele likvidity. Upravené ukazovatele likvidity. Príklady.

Guardado en:
Detalles Bibliográficos
Autor principal: Bobáková, Viktória
Formato: Capítulo de libro
Lenguaje:eslovaco
Materias:
Etiquetas: Agregar Etiqueta
Sin Etiquetas, Sea el primero en etiquetar este registro!

MARC

LEADER 00000naa a2200000 4500
001 r048865
005 20231002123904.3
041 0 |a slo 
044 |a SK 
245 1 0 |a Tradičné verzus netradičné ukazovatele likvidity  |c Viktória Bobáková 
520 |a Definovanie likvidity podniku. Tradičné ukazovatele likvidity. Upravené ukazovatele likvidity. Príklady. 
610 2 0 |a likvidita podniku 
610 2 0 |a ukazovatele 
610 2 0 |a citlivosť 
610 2 0 |a indexy 
100 1 |a Bobáková, Viktória